Vista normal
Vista MARC
Entrada Materia (corporativa)
Número de registros utilizados en: 1
001 - CONTROL NUMBER
- control field: 170134
003 - CONTROL NUMBER IDENTIFIER
- control field: Co-BoUCM
005 - DATE AND TIME OF LATEST TRANSACTION
- control field: 20211112080711.0
008 - FIXED-LENGTH DATA ELEMENTS
- fixed length control field: 211112|| aca||aabn | a|a d
040 ## - CATALOGING SOURCE
- Original cataloging agency: Co-BoUCM
- Transcribing agency: Co-BoUCM
110 ## - HEADING--CORPORATE NAME
- Corporate name or jurisdiction name as entry element: Universidad de los Andes (Colombia).
- Subordinate unit: Facultad de Ciencias Sociales.
- Subordinate unit: Departamento de Ciencia Política.
- Subordinate unit: Centro de Estudios Socioculturales e Internacionales-Ceso
670 ## - SOURCE DATA FOUND
- Source citation: Work cat.: (Co-BoUCM)78838: Colombia 2002 elecciones, comportamiento electoral y democracia, 2003